| 000 | 00348nam a22001457a 4500 | ||
|---|---|---|---|
| 005 | 20200606103116.0 | ||
| 008 | 200606b xxu||||| |||| 00| 0 eng d | ||
| 082 | _a345.4 | ||
| 110 |
_aLAW _95789 |
||
| 245 | _aL.I.C 2005 (V-1) JAN TO MARCH | ||
| 260 |
_aDELHI _bALL INDIA REPORTER PVT.LTD |
||
| 300 | _a1056;p | ||
| 650 |
_aLAW _95789 |
||
| 942 | _cJRL | ||
| 999 |
_c6832 _d6830 |
||